00808nam a2200193Ia 4500003000900000008004100009040001600050080001800066110005200084245018700136260006500323300001600388650001900404650003100423650004400454942000700498999001500505952009400520IN-BaIIA211028s9999 xx 000 0 eng d cIIA Library a083.7:62bASM aAmerican Society of Mechanical Engineers912075 0aASME boiler and pressure vessel code section III Nuclear Power Plant Components Division 1- Sub Section NE : Class MC CocThe American Society of Mechanical Engineering  aNew YorkbThe American Society of Mechanical Engineersc1980 axxii, 159p. aNASA Thesaurus aNuclear Power Plant912076 aStandards-Mechanical Engineering912077 cBK c7060d7060 00104070aBANbKAVcGENd1982-04-27l0o083.7:62/ ASMp7840r2021-11-05w1982-04-27yBK